Unequal Land Relations In North Easr India : (Record no. 195208)
[ view plain ]
| 000 -LEADER | |
|---|---|
| fixed length control field | 00744nam a22002177a 4500 |
| 003 - CONTROL NUMBER IDENTIFIER | |
| control field | dpl |
| 005 - DATE AND TIME OF LATEST TRANSACTION | |
| control field | 20230307115759.0 |
| 008 - FIXED-LENGTH DATA ELEMENTS--GENERAL INFORMATION | |
| fixed length control field | 230306b ||||| |||| 00| 0 eng d |
| 010 ## - LIBRARY OF CONGRESS CONTROL NUMBER | |
| LC control number | ENG-136352 |
| 020 ## - INTERNATIONAL STANDARD BOOK NUMBER | |
| International Standard Book Number | 9788194357858 |
| Terms of availability | 150.00 |
| 035 ## - SYSTEM CONTROL NUMBER | |
| System control number | EN-119884 |
| 040 ## - CATALOGING SOURCE | |
| Transcribing agency | 0 |
| 082 ## - DEWEY DECIMAL CLASSIFICATION NUMBER | |
| Classification number | 333.30 |
| 245 ## - TITLE STATEMENT | |
| Title | Unequal Land Relations In North Easr India : |
| Remainder of title | Custom, Gender And The Market / |
| Statement of responsibility, etc | Edited By Erik Maaker and Meenal Tula |
| 260 ## - PUBLICATION, DISTRIBUTION, ETC. (IMPRINT) | |
| Place of publication, distribution, etc | Guwahati |
| Name of publisher, distributor, etc | North Eastern Social Research Centre |
| Date of publication, distribution, etc | 2020 |
| 270 ## - ADDRESS | |
| Address | Jagriti 2nd Floor, Arunodoi Path,GMCH Road, Christian Basti |
| City | Guwahati |
| Postal code | 781005 |
| 300 ## - PHYSICAL DESCRIPTION | |
| Extent | ix178 p. |
| Dimensions | 21pb |
| 700 ## - ADDED ENTRY--PERSONAL NAME | |
| Personal name | Maaker,Erik |
| Relator term | Editor |
| 700 ## - ADDED ENTRY--PERSONAL NAME | |
| Personal name | Tula,Meenal |
| Relator term | Editor |
| 942 ## - ADDED ENTRY ELEMENTS (KOHA) | |
| Source of classification or shelving scheme | Dewey Decimal Classification |
| Koha item type | English Books |
| Classification part | 333.30 |
| Call number suffix | UNE |
| Withdrawn status | Lost status | Source of classification or shelving scheme | Damaged status | Not for loan | Collection code | Home library | Current library | Date acquired | Source of acquisition | Cost, normal purchase price | Total Checkouts | Full call number | Barcode | Date last seen | Copy number | Price effective from | Koha item type |
|---|---|---|---|---|---|---|---|---|---|---|---|---|---|---|---|---|---|
| Dewey Decimal Classification | Non-fiction | Ashok Vihar | Ashok Vihar | 07/03/2023 | DBAD/PUB | 150.00 | 333.30 UNE | EN-119884 | 07/03/2023 | 1 | 07/03/2023 | English Books |
